| 000 | 00874nam a2200193Ia 4500 | ||
|---|---|---|---|
| 008 | 100122s9999 xx 000 0 und d | ||
| 082 |
_b53834 _a823 |
||
| 100 | _aलॅपिअरे डॉमिनिक् | ||
| 245 | _aसिटी ऑफ जॉय | ||
| 250 | _a0 | ||
| 260 |
_bमेहता पब्लिकेशन हाऊस _c1997 |
||
| 300 | _a512 | ||
| 520 | _aसिटी ऑफ जॉय या कादंबरीचा अनिल कुलकर्णी लिखित मराठी अनुवाद | ||
| 620 | _aसिटी ऑफ जॉय या कादंबरीचा अनिल कुलकर्णी लिखित मराठी अनुवाद | ||
| 630 | _aसिटी ऑफ जॉय | ||
| 700 | _aकुलकर्णी अनिल र | ||
| 730 | _aसिटी ऑफ जॉय | ||
| 942 | _cBOOK | ||
| 999 |
_c430826 _d430823 |
||